It had to be you : (Record no. 328622)

000 -LEADER
fixed length control field 01641cam a2200373 a 4500
001 - CONTROL NUMBER
control field 15053966
003 - CONTROL NUMBER IDENTIFIER
control field Nust
005 - DATE AND TIME OF LATEST TRANSACTION
control field 20170412155427.0
008 - FIXED-LENGTH DATA ELEMENTS--GENERAL INFORMATION
fixed length control field 071022s2007 nyu d 000 1 eng
010 ## - LIBRARY OF CONGRESS CONTROL NUMBER
LC control number 2007037824
020 ## - INTERNATIONAL STANDARD BOOK NUMBER
International Standard Book Number 9780755339846
040 ## - CATALOGING SOURCE
Original cataloging agency DLC
Transcribing agency DLC
Modifying agency DLC
042 ## - AUTHENTICATION CODE
Authentication code lcac
050 00 - LIBRARY OF CONGRESS CALL NUMBER
Classification number PZ7.V94
Item number Itah 2007
082 00 - DEWEY DECIMAL CLASSIFICATION NUMBER
Classification number 813.6
Author Mark ZIE
100 1# - MAIN ENTRY--PERSONAL NAME
Personal name Von Ziegesar, Cecily.
245 10 - TITLE STATEMENT
Title It had to be you :
Remainder of title the Gossip Girl prequel /
Statement of responsibility, etc. by Cecily von Ziegesar.
246 30 - VARYING FORM OF TITLE
Title proper/short title Gossip Girl prequel
250 ## - EDITION STATEMENT
Edition statement 1st ed.
260 ## - PUBLICATION, DISTRIBUTION, ETC.
Place of publication, distribution, etc. New York :
Name of publisher, distributor, etc. Little, Brown,
Date of publication, distribution, etc. 2007.
300 ## - PHYSICAL DESCRIPTION
Extent 326 p. ;
Dimensions 21 cm.
490 0# - SERIES STATEMENT
Series statement Gossip Girl
500 ## - GENERAL NOTE
General note "Poppy."
520 ## - SUMMARY, ETC.
Summary, etc. Reveals the effects on a trio of bright, attractive, fifteen-year-old friends--Serena van der Woodsen, Blair Waldorf, and Nate Archibald--when Serena considers leaving their seemingly-perfect life of luxury in New York's Upper East Side for boarding school.
650 #1 - SUBJECT ADDED ENTRY--TOPICAL TERM
Topical term or geographic name entry element High schools
Form subdivision Fiction.
650 #1 - SUBJECT ADDED ENTRY--TOPICAL TERM
Topical term or geographic name entry element Interpersonal relations
Form subdivision Fiction.
650 #1 - SUBJECT ADDED ENTRY--TOPICAL TERM
Topical term or geographic name entry element Wealth
Form subdivision Fiction.
650 #1 - SUBJECT ADDED ENTRY--TOPICAL TERM
Topical term or geographic name entry element Schools
Form subdivision Fiction.
651 #1 - SUBJECT ADDED ENTRY--GEOGRAPHIC NAME
Geographic name New York (N.Y.)
Form subdivision Fiction.
856 42 - ELECTRONIC LOCATION AND ACCESS
Materials specified Publisher description
Uniform Resource Identifier <a href="http://www.loc.gov/catdir/enhancements/fy0804/2007037824-d.html">http://www.loc.gov/catdir/enhancements/fy0804/2007037824-d.html</a>
856 42 - ELECTRONIC LOCATION AND ACCESS
Materials specified Contributor biographical information
Uniform Resource Identifier <a href="http://www.loc.gov/catdir/enhancements/fy0804/2007037824-b.html">http://www.loc.gov/catdir/enhancements/fy0804/2007037824-b.html</a>
906 ## - LOCAL DATA ELEMENT F, LDF (RLIN)
a 7
b cbc
c orignew
d 1
e ecip
f 20
g y-gencatlg
942 ## - ADDED ENTRY ELEMENTS (KOHA)
Source of classification or shelving scheme
Koha item type Book
Holdings
Withdrawn status Lost status Source of classification or shelving scheme Damaged status Not for loan Permanent Location Current Location Shelving location Date acquired Total Checkouts Full call number Barcode Date last seen Copy number Price effective from Koha item type
          Central Library (CL) Central Library (CL) Fiction 04/12/2017   813.6 ZIE CL1215 04/12/2017 1 04/12/2017 Book
© 2023 Central Library, National University of Sciences and Technology. All Rights Reserved.